Galatians. (Record no. 5809)

000 -LEADER
fixed length control field 00568nam a2200181 a 4500
001 - CONTROL NUMBER
control field :::00003551$&:&@@
003 - CONTROL NUMBER IDENTIFIER
control field OkBaRHE
005 - DATE AND TIME OF LATEST TRANSACTION
control field 20000607103307.0
008 - FIXED-LENGTH DATA ELEMENTS--GENERAL INFORMATION
fixed length control field s1972 j 000 0 eng u
040 ## - CATALOGING SOURCE
Transcribing agency
100 1# - MAIN ENTRY--PERSONAL NAME
Personal name Blackwood, Andrew Watterson, 1915-
245 10 - TITLE STATEMENT
Title Galatians.
260 ## - PUBLICATION, DISTRIBUTION, ETC. (IMPRINT)
Place of publication, distribution, etc Grand Rapids, MI., :
Name of publisher, distributor, etc Baker Book House
Date of publication, distribution, etc 1972
300 ## - PHYSICAL DESCRIPTION
Extent 86 p. ;
Dimensions 20 cm.
650 ## - SUBJECT ADDED ENTRY--TOPICAL TERM
Topical term or geographic name as entry element Bible New Testament Galatians
General subdivision Homiletical Use
942 ## - ADDED ENTRY ELEMENTS (KOHA)
Source of classification or shelving scheme
Koha item type Books
Copies
Barcode Damaged status Permanent Location Not for loan Price effective from Source of classification or shelving scheme Copy number Full call number Date last seen Withdrawn status Koha item type Shelving location Lost status Date acquired
3551 RHEMA Bible Training College 2010-04-14 1BS 2685.4 .B572018-04-03 BooksGeneral Stacks 2010-04-14